Follow That Line: Monty Python/Holy Grail Quiz Stats

 Plays Quiz Updated Nov 8, 2018

Support Sporcle.
Go Orange.
Score 0/24 Timer 05:00
6 Plays Today
% Correct
Build a bridge out of her.
89.2%
More witches!
88.8%
Well, you have to know these things when you're a king you know.
85.9%
Father, I'm father.
84.6%
Very small rocks!
81.2%
I got better.
76.6%
I don't know that. Auuuuuuugh!
75.2%
No it isn't.
73%
What, the curtains?
70.1%
Yaaaaaay.
68.9%
Is there someone else up there we could talk to?
68.5%
Oh, dear. Is he all right?
68.4%
% Correct
Bloody peasant!
66.3%
Yes, yes! He'll beat us easily! We haven't a chance!
65.2%
One that looks nice.
64.6%
Of course it's a good idea!
62.9%
Skip a bit, Brother.
62.5%
Right. Off you go.
60.8%
It's only a model.
59.1%
So?
52%
No, no, aauuuuugh, at the back of the throat. Aauuugh.
51%
You're not fooling anyone, you know.
42.3%
What an eccentric performance.
38.8%
Pull the other one!
29.3%

From the Vault

Poker Scenes in TV Shows

by somms

Never bet more than you're willing to lose...ah, forget it, go all in!
Remove Ads.
Support Sporcle.
Get the best of Sporcle when you Go Orange. This ad-free experience offers more features, more stats, and more fun while also helping to support Sporcle. Thank you for becoming a member.

Show Comments

Extras

Top Quizzes Today


Score Distribution

Your Account Isn't Verified!

In order to create a playlist on Sporcle, you need to verify the email address you used during registration. Go to your Sporcle Settings to finish the process.

Report this User

Report this user for behavior that violates our Community Guidelines.

Details: